Computed tomography : (Record no. 171613)

MARC details
000 -LEADER
fixed length control field 00943cam a2200265 i 4500
001 - CONTROL NUMBER
control field 18634213
003 - CONTROL NUMBER IDENTIFIER
control field OSt
005 - DATE AND TIME OF LATEST TRANSACTION
control field 20250416095359.0
008 - FIXED-LENGTH DATA ELEMENTS--GENERAL INFORMATION
fixed length control field 150527t20162016moua b 001 0 eng
020 ## - INTERNATIONAL STANDARD BOOK NUMBER
International Standard Book Number 9780323312882 (paperback)
040 ## - CATALOGING SOURCE
Original cataloging agency DNLM/DLC
Language of cataloging eng
Transcribing agency DLC
Description conventions rda
Modifying agency NUST
050 00 - LIBRARY OF CONGRESS CALL NUMBER
Classification number RC78.7.T6 SEE
100 1# - MAIN ENTRY--PERSONAL NAME
Personal name Seeram, Euclid
Relator term Author
245 10 - TITLE STATEMENT
Title Computed tomography :
Remainder of title physical principles, clinical applications, and quality control /
Statement of responsibility, etc. Euclid Seeram.
250 ## - EDITION STATEMENT
Edition statement Fourth edition.
260 ## - PUBLICATION, DISTRIBUTION, ETC.
Place of publication, distribution, etc. St. Louis, Missouri :
Name of publisher, distributor, etc. Elsevier,
Date of publication, distribution, etc. 2016.
300 ## - PHYSICAL DESCRIPTION
Extent xxiii, 487 pages :
Other physical details Illustrations ;
Dimensions 27 cm.
336 ## - CONTENT TYPE
Content type term text
Source rdacontent
Content type code txt
337 ## - MEDIA TYPE
Media type term unmediated
Source rdamedia
Media type code n
338 ## - CARRIER TYPE
Carrier type term volume
Source rdacarrier
Carrier type code nc
504 ## - BIBLIOGRAPHY, ETC. NOTE
Bibliography, etc. note Includes bibliographical references and index.
650 #0 - SUBJECT ADDED ENTRY--TOPICAL TERM
Form subdivision Tomography.
650 #0 - SUBJECT ADDED ENTRY--TOPICAL TERM
Form subdivision Tomography, X-Ray Computed.
942 ## - ADDED ENTRY ELEMENTS (KOHA)
Source of classification or shelving scheme Library of Congress Classification
Koha item type Ordinary Loan Books
Edition Fourth edition.
Classification part RC78.7.T6 SEE
Call number prefix RC
Call number suffix SEE
Suppress in OPAC No
Holdings
Withdrawn status Lost status Source of classification or shelving scheme Damaged status Not for loan Collection Home library Current library Shelving location Date acquired Source of acquisition Cost, normal purchase price Total Checkouts Full call number Barcode Date last seen Accession number Cost, replacement price Price effective from Koha item type Public note
    LCC     NFIC MEDICAL MEDICAL GEN 04/14/2025 Book Aid International 60.00   RC78.7.T6 SEE 92004056158 04/14/2025 63268 60.00 04/14/2025 BOOKS Donation
    LCC     NFIC MEDICAL MEDICAL GEN 04/14/2025 Book Aid International 60.00   RC78.7.T6 SEE 92004057069 04/14/2025 62988 60.00 04/14/2025 BOOKS Donation
    LCC     NFIC MEDICAL MEDICAL GEN 04/16/2025 Book Aid International 60.00   RC78.7.T6 SEE 92004056036 04/16/2025 62944 60.00 04/16/2025 BOOKS Donation